| 000 | 01350nam a2200373 i 4500 | ||
|---|---|---|---|
| 003 | CO-BoRNBP | ||
| 005 | 20220317001733.0 | ||
| 007 | ta | ||
| 008 | 201023s2012 sp a er 000 0 spa d | ||
| 020 | _a9788499212517 | ||
| 040 |
_aCO-BoRNBP _bspa _erda _cCO-BoRNBP |
||
| 041 | 1 |
_aspa _hfre |
|
| 082 | 0 | 4 |
_a372.86 _bV25c _222 |
| 082 | 0 | 4 |
_a790 _bV25c |
| 100 | 1 |
_aVenner, Anne-Marie _eautora |
|
| 245 | 1 | 0 |
_a40 juegos para la expresión corporal _bde 3 a 10 años _cAnne-Marie Venner ; traducción Xavier Moreno Julbe |
| 246 | 3 | 1 |
_aCuarenta juegos para la expresión corporal _bde tres a diez años |
| 250 | _aPrimera edición | ||
| 264 | 1 |
_aBarcelona, España _bOctaedro _c2012 |
|
| 300 |
_a100 páginas _bilustraciones _c19 cm |
||
| 336 |
_atexto _btxt _2rdacontent |
||
| 337 |
_asin mediación _bn _2rdamedia |
||
| 338 |
_avolumen _bnc _2rdacarrier |
||
| 490 | 0 |
_aBolsillo _v25 |
|
| 500 | _aIncluye clasificación de los juegos al final del texto | ||
| 521 | _aRecomendado para público adulto | ||
| 534 | _t40 jeux pour l'expression corporelle a l'école | ||
| 650 | 1 | 7 |
_aEducación física _xEnseñanza _2LEMB |
| 650 | 1 | 7 |
_aExpresión corporal _vEnseñanza _2LEMB |
| 650 | 1 | 7 |
_aJuegos educativos _xEnseñanza _2LEMB |
| 650 | 1 | 7 |
_aJuegos al aire libre _xEnseñanza _2LEMB |
| 700 | 1 |
_aMoreno Julbe, Xavier _etraductor _9200825 |
|
| 942 |
_2ddc _cBK |
||
| 999 |
_c7914 _d7914 |
||